Design The Indian Context : Learning The Historical Rationale Of The Indian Design Idiom (Record no. 15457)

MARC details
000 -LEADER
fixed length control field 00475nam a2200157Ia 4500
008 - FIXED-LENGTH DATA ELEMENTS--GENERAL INFORMATION
fixed length control field 220803s9999 xx 000 0 und d
020 ## - INTERNATIONAL STANDARD BOOK NUMBER
International Standard Book Number 81-86199-38-1
041 ## - LANGUAGE CODE
Language code of text/sound track or separate title eng
082 ## - DEWEY DECIMAL CLASSIFICATION NUMBER
Classification number 722 VYA
100 ## - MAIN ENTRY--PERSONAL NAME
Personal name Vyas H K
9 (RLIN) 24510
245 ## - TITLE STATEMENT
Title Design The Indian Context : Learning The Historical Rationale Of The Indian Design Idiom
260 ## - PUBLICATION, DISTRIBUTION, ETC. (IMPRINT)
Place of publication, distribution, etc. Ahmedabad
Name of publisher, distributor, etc. National Institute Of Design
Date of publication, distribution, etc. 2000
300 ## - PHYSICAL DESCRIPTION
Extent 69p
500 ## - GENERAL NOTE
Keywords Architecture
650 ## - SUBJECT ADDED ENTRY--TOPICAL TERM
Topical term or geographic name as entry element Architectural History
9 (RLIN) 24511
Holdings
Withdrawn status Lost status Damaged status Not for loan Collection code Home library Current library Shelving location Date acquired Vendor Cost, normal purchase price Total Checkouts Full call number Barcode Date last seen Cost, replacement price Bill Date Koha item type Original Barcode
        Book of B Arch Dr. Bhanuben Nanavati College of Architecture Dr. Bhanuben Nanavati College of Architecture   20/02/2014 National Institute Of Design 150.00   720-22 VYA BNCA-BK-8798 03/08/2022 250.00 18/12/2013 Books B008798